El hombre y su muerte : preparación para la vida /

Estudio interdisciplinario en torno a la vida del hombre y a su muerte, con ello el autor, sacerdote jesuita, pretende aportar elementos de reflexión que permitan al humano a apropiarse de su muerte, como algo inmanente a su naturaleza, para que una vez hecho conciencia esto, se lance a vivir una vi...

Whakaahuatanga katoa

I tiakina i:
Ngā taipitopito rārangi puna kōrero
Kaituhi matua: Pérez Valera, Víctor Manuel (autor)
Hōputu: Pukapuka
Reo:Pāniora
I whakaputaina: México : Jus, 1990, c1990
Ngā marau:
Ngā Tūtohu: Tāpirihia he Tūtohu

MARC

LEADER 00000nam^a2200000^a^4500
001 000188011
005 20251014174941.0
009 20260310102321.363
020 |a 968-423-245-4 
037 |a Acervo ITESO - Biblioteca 
041 |a ESP 
082 |a 128. 5  |b PER 
100 |a Pérez Valera, Víctor Manuel  |e (autor) 
245 1 3 |a El hombre y su muerte :  |b preparación para la vida /  |c V.M. Pérez Valera. 
264 4 |a México :  |b Jus,  |c 1990, c1990 
300 |a 288 p. 
336 |a texto  |b txt  |2 rdacontenido 
337 |a sin mediación  |b n  |2 rdamedio 
338 |a volumen  |b nc  |2 rdasoporte 
520 |a Estudio interdisciplinario en torno a la vida del hombre y a su muerte, con ello el autor, sacerdote jesuita, pretende aportar elementos de reflexión que permitan al humano a apropiarse de su muerte, como algo inmanente a su naturaleza, para que una vez hecho conciencia esto, se lance a vivir una vida más auténtica. 
649 |a XX 
650 |a Muerte -  |x Tema Principal 
650 |a Existencia 
650 |a Vida 
650 |a Trascendencia 
650 |a Resurrección 
650 |a Escatología (Filosofía) 
650 |a Cristianismo 
650 |a Religión 
650 |a Filosofías Orientales 
650 |a Antropología Filosófica -  |x Tema Principal 
650 |a Filosofía 
910 |a Fondo General 
920 |a Impresos - Libros 
930 |a Colección General 
905 |a 101 
901 |a 0500130410  |b IT1  |c ACC  |u 20250521 
902 |a https://opac.biblio.iteso.mx/vufind/Record/000188011